Mazl tov : má léta u ortodoxní židovské rodiny /
Poutavá a oceněná autobiografie, ve které autorka vypráví o době, kdy jako studentka v Antverpách začala doučovat děti v ortodoxní židovské rodině a přes vzájemnou rozdílnost v této komunitě navázala úzké vztahy, které přetrvaly i do dalších let.
Uloženo v:
| Hlavní autor: | |
|---|---|
| Další autoři: | |
| Médium: | E-kniha |
| Jazyk: | Czech |
| Vydáno: |
V Praze :
Garamond,
2023
|
| Vydání: | 2. vydání |
| Témata: | |
| Tagy: |
Žádné tagy |
| LEADER | 03873nam a2200709 i 4500 | ||
|---|---|---|---|
| 001 | 312035 | ||
| 003 | CZ PrSKC | ||
| 005 | 20260601215716.0 | ||
| 007 | ta | ||
| 008 | 230825s2023 xr g 000 facze | ||
| 015 | |a cnb003545176 | ||
| 020 | |a 9788074076121 |q (brožováno) : |c Kč 349,00 | ||
| 035 | |a (OCoLC)1408816264 | ||
| 040 | |a ABG001 |b cze |d ABA001 |e rda | ||
| 041 | 1 | |a cze |h dut | |
| 043 | |a e-be--- | ||
| 045 | |a x8y2 | ||
| 072 | 7 | |a 821.11 |x Germánské literatury |2 Konspekt | |
| 072 | 7 | |a 929 |x Biografie |2 Konspekt | |
| 080 | |a 821.112.5(493)-31 |2 MRF | ||
| 080 | |a 821.112.5(493)-055.2 |2 MRF | ||
| 080 | |a (=411.16) |2 MRF | ||
| 080 | |a 316.723:26 |2 MRF | ||
| 080 | |a 265 |2 MRF | ||
| 080 | |a 929 |2 MRF | ||
| 080 | |a (493) |2 MRF | ||
| 080 | |a (0:82-312.6) |2 MRF | ||
| 100 | 1 | |a Vanderstraeten, Margot, |d 1967- |7 xx0249342 |4 aut | |
| 240 | 1 | 0 | |a Mazzel tov. |l Česky |
| 245 | 1 | 0 | |a Mazl tov : |b má léta u ortodoxní židovské rodiny / |c Margot Vanderstraeten ; z nizozemštiny přeložila Radka Smejkalová |
| 250 | |a 2. vydání | ||
| 264 | 1 | |a V Praze : |b Garamond, |c 2023 | |
| 300 | |a 295 stran ; |c 20 cm | ||
| 336 | |a text |b txt |2 rdacontent | ||
| 337 | |a bez média |b n |2 rdamedia | ||
| 338 | |a svazek |b nc |2 rdacarrier | ||
| 520 | 2 | |a Poutavá a oceněná autobiografie, ve které autorka vypráví o době, kdy jako studentka v Antverpách začala doučovat děti v ortodoxní židovské rodině a přes vzájemnou rozdílnost v této komunitě navázala úzké vztahy, které přetrvaly i do dalších let. |b Margot Vanderstraeten si za léta, kdy v moderně ortodoxní židovské rodině jako studentka doučovala děti, vybudovala pevné přátelství s rodinou Schneiderů, a nakoukla do světa, jehož čas, směr i rytmus i v moderní době udává 613 židovských přikázání. Díky jejímu čtivému vyprávění se tak dozvíme, proč židovské ženy v Antverpách nosí na hlavách paruky, že každá věřící židovská rodina má dvě separátní kuchyně a jak jsou důležité dohazovačky sňatků. Podíváme se jejíma očima i do ortodoxních komunit v New Yorku a Jeruzalémě, kde autorka některé židovské přátele nadále navštěvuje poté, co odešli z Antverp. Nakladatelská anotace. Kráceno. | |
| 546 | |a Český text | ||
| 600 | 1 | 7 | |a Vanderstraeten, Margot, |d 1967- |7 xx0249342 |2 czenas |
| 648 | 7 | |a 20.-21. století |7 ch462155 |2 czenas | |
| 648 | 4 | |a 1987-2020 | |
| 650 | 0 | 7 | |a vlámské spisovatelky |7 ph1132023 |y 20.-21. století |2 czenas |
| 650 | 0 | 7 | |a Židé |7 ph127782 |z Belgie |y 20.-21. století |2 czenas |
| 650 | 0 | 7 | |a židovská kultura |7 ph180929 |z Belgie |y 20.-21. století |2 czenas |
| 650 | 0 | 7 | |a ortodoxní judaismus |7 ph123822 |z Belgie |y 20.-21. století |2 czenas |
| 650 | 0 | 9 | |a Flemish women authors |y 20th-21st centuries |2 eczenas |
| 650 | 0 | 9 | |a Jews |z Belgium |y 20th-21st centuries |2 eczenas |
| 650 | 0 | 9 | |a Jewish culture |z Belgium |y 20th-21st centuries |2 eczenas |
| 650 | 0 | 9 | |a Orthodox Judaism |z Belgium |y 20th-21st centuries |2 eczenas |
| 651 | 7 | |a Antverpy (Belgie) |7 ge128669 |2 czenas | |
| 651 | 9 | |a Antwerp (Belgium) |2 eczenas | |
| 655 | 7 | |a vlámské romány |7 fd330530 |2 czenas | |
| 655 | 7 | |a autobiografické romány |7 fd131852 |2 czenas | |
| 655 | 9 | |a Flemish fiction |2 eczenas | |
| 655 | 9 | |a autobiographical novels |2 eczenas | |
| 700 | 1 | |a Smejkalová, Radka, |d 1973- |7 kv2016914621 |4 trl | |
| 900 | |a ABA001 |b 20 | ||
| 928 | 9 | |a Albatros Media - Garamond | |
| 044 | |a xr | ||
| 910 | |a RBIT002 | ||
| 998 | |d 382191 |a https://core.palmknihy.cz/api/books/382191/cover?si6ju1 |b https://core.palmknihy.cz/api/books/382191/cover/400?si6ju1 |c https://core.palmknihy.cz/api/books/382191/cover/50?si6ju1 |e 2027-01-22 |g 296 |i 9788074076121 |j https://core.palmknihy.cz/api/books/382191/preview.epub |k https://core.palmknihy.cz/api/books/382191/preview.pdf |l |q 49 |r 1 |s https://www.palmknihy.cz/kniha/382191 |t ebook |y 2023 |z 0 | ||
| 999 | |d 312033 | ||